<?xml version="1.0" encoding="UTF-8"?>
<collection xmlns="http://www.loc.gov/MARC21/slim">
 <record>
  <leader>01038nam a2200241 a 4500</leader>
  <controlfield tag="001">012673818</controlfield>
  <controlfield tag="008">090512r19771976enka          000   eng d  </controlfield>
  <datafield tag="020" ind1=" " ind2=" ">
   <subfield code="a"> 0903031442 (sd) : </subfield>
   <subfield code="c"> 1.50</subfield>
  </datafield>
  <datafield tag="040" ind1=" " ind2=" ">
   <subfield code="a"> Uk </subfield>
   <subfield code="c"> Uk</subfield>
  </datafield>
  <datafield tag="082" ind1="0" ind2="4">
   <subfield code="a"> 628.1/44 </subfield>
   <subfield code="2"> 18</subfield>
  </datafield>
  <datafield tag="100" ind1="1" ind2=" ">
   <subfield code="a"> Pacey, Arnold.</subfield>
  </datafield>
  <datafield tag="245" ind1="1" ind2="0">
   <subfield code="a"> Hand pump maintenance in the context of community well projects : </subfield>
   <subfield code="b"> an Oxfam document / </subfield>
   <subfield code="c"> compiled by Arnold  Pacey.</subfield>
  </datafield>
  <datafield tag="260" ind1=" " ind2=" ">
   <subfield code="a"> London : </subfield>
   <subfield code="b"> Intermediate Technology Publications, </subfield>
   <subfield code="c"> 1977.</subfield>
  </datafield>
  <datafield tag="300" ind1=" " ind2=" ">
   <subfield code="a"> 38p. : </subfield>
   <subfield code="b"> ill. ; </subfield>
   <subfield code="c"> 21cm.</subfield>
  </datafield>
  <datafield tag="500" ind1=" " ind2=" ">
   <subfield code="a"> Originally published: as 'Hand pump maintenance and the objectives of community well projects'. Oxford : Oxfam, 1976.</subfield>
  </datafield>
  <datafield tag="541" ind1="1" ind2=" ">
   <subfield code="e"> 00000359</subfield>
  </datafield>
  <datafield tag="650" ind1=" " ind2="0">
   <subfield code="a"> Underdeveloped areas </subfield>
   <subfield code="x"> Wells.</subfield>
  </datafield>
  <datafield tag="650" ind1=" " ind2="0">
   <subfield code="a"> Pumping machinery.</subfield>
  </datafield>
  <datafield tag="700" ind1="1" ind2=" ">
   <subfield code="a"> Pacey, Arnold .</subfield>
  </datafield>
  <datafield tag="710" ind1="2" ind2=" ">
   <subfield code="a"> Oxfam.</subfield>
  </datafield>
  <datafield tag="852" ind1="4" ind2=" ">
   <subfield code="a"> Ayesha Abed Library</subfield>
   <subfield code="j"> Generalshelf </subfield>
  </datafield>
  <datafield tag="999" ind1=" " ind2=" ">
   <subfield code="c">622</subfield>
   <subfield code="d">622</subfield>
  </datafield>
  <datafield tag="952" ind1=" " ind2=" ">
   <subfield code="0">0</subfield>
   <subfield code="1">0</subfield>
   <subfield code="2">ddc</subfield>
   <subfield code="4">0</subfield>
   <subfield code="6">628_144000000000000_PAC_1978</subfield>
   <subfield code="7">0</subfield>
   <subfield code="9">572</subfield>
   <subfield code="a">BRACUL</subfield>
   <subfield code="b">BRACUL</subfield>
   <subfield code="c">GEN</subfield>
   <subfield code="d">2009-05-12</subfield>
   <subfield code="g">117.00</subfield>
   <subfield code="l">0</subfield>
   <subfield code="o">628.144 PAC</subfield>
   <subfield code="p">3010000359</subfield>
   <subfield code="r">2009-05-12</subfield>
   <subfield code="t">1</subfield>
   <subfield code="w">2009-05-12</subfield>
   <subfield code="y">BK</subfield>
  </datafield>
 </record>
</collection>
